000 01433nam0a2200385 4500
001 RU\NLR\BIBL_A\022366782
005 20260420020555.0
010 _a978-5-6047345-3-7
_9300
021 _aRU
_bКН-П-24-055166
_9КН-П-24-5494
035 _a(NLR Aleph) 022366782
090 _a13668619
_c13668619
100 _a20241029d2024 u y0rusy50 ca
101 0 _arus
102 _aRU
105 _aa zj 000ay
181 0 _ai3
_bxxxe
181 0 _ab2
_bxb2e
182 0 _an
200 1 _aКосмическое путешествие
_e[с заданиями]
_fЛюбовь Люша-Райт
_g[художник: А. Тихомиров]
203 _aТекст
_aИзображение
_bвизуальные
_cнепосредственные
210 _aСаратов
_cОрион
_d2024
215 _a51 с., включ. обл.
_cил., цв. ил., карта
_d30
309 _aБез тит. л. Описано по обл.
333 _a6+
686 0 _aШ9(2)60=Р7-4
686 0 _aШ99
700 1 _7ca
_8rus
_aЛюша-Райт
_bЛ.
_gЛюбовь
_9238942
_3RU\NLR\AUTH\770238998
702 1 _4440
_7ca
_8rus
_aТихомиров
_bА. Ю.
_cхудожник
_f1964-
_gАндрей Юльевич
_9209678
_3RU\NLR\AUTH\770209732
942 _cBOOK
980 _aNB